LEADER 02457nas 2200697-a 450 001 9910890835903321 005 20260218110548.0 035 $a(DE-599)ZDB2247700-7 035 $a(CKB)1000000000317124 035 $a(CONSER)--2007234011 035 $a(DE-599)2247700-7 035 $a(EXLCZ)991000000000317124 100 $a20060510a20059999 --- a 101 0 $aeng 181 $ctxt$2rdacontent 182 $cc$2rdamedia 183 $acr$2rdacarrier 200 10$aAnnual report /$fBank of Israel 210 $aJerusalem $cBank of Israel$d2005- 215 $a1 online resource 311 08$aPrint version: Annual report / Bank of Israel 1565-3382 (DLC) 2007234011 (OCoLC)68623600 517 1 $aBank of Israel annual report 531 $aTHE ECONOMY, DEVELOPMENTS AND POLICIES 606 $aMonetary policy$zIsrael$vPeriodicals 606 $aBalance of payments$zIsrael$vPeriodicals 606 $aForeign exchange administration$zIsrael$vPeriodicals 606 $aInflation (Finance)$zIsrael$vPeriodicals 606 $aLabor market$zIsrael$vPeriodicals 606 $aFinance, Public$zIsrael$vPeriodicals 606 $aBalance of payments$2fast$3(OCoLC)fst00825672 606 $aEconomic history$2fast$3(OCoLC)fst00901974 606 $aEconomic policy$2fast$3(OCoLC)fst00902025 606 $aFinance, Public$2fast$3(OCoLC)fst00924477 606 $aForeign exchange administration$2fast$3(OCoLC)fst00931794 606 $aInflation (Finance)$2fast$3(OCoLC)fst00972450 606 $aLabor market$2fast$3(OCoLC)fst00990036 606 $aMonetary policy$2fast$3(OCoLC)fst01025230 607 $aIsrael$xEconomic conditions$vPeriodicals 607 $aIsrael$xEconomic policy$vPeriodicals 607 $aIsrael$2fast 608 $aPeriodicals.$2fast 608 $aPeriodicals.$2lcgft 615 0$aMonetary policy 615 0$aBalance of payments 615 0$aForeign exchange administration 615 0$aInflation (Finance) 615 0$aLabor market 615 0$aFinance, Public 615 7$aBalance of payments. 615 7$aEconomic history. 615 7$aEconomic policy. 615 7$aFinance, Public. 615 7$aForeign exchange administration. 615 7$aInflation (Finance) 615 7$aLabor market. 615 7$aMonetary policy. 906 $aJOURNAL 912 $a9910890835903321 920 $aexl_impl conversion 996 $aAnnual report$9162222 997 $aUNINA